[Event "Cappelle op"]
[Site "Cappelle la Grande"]
[Date "1993.??.??"]
[Round "9"]
[White "Emms, John M"]
[Black "Carlier, Bruno"]
[Result "1/2-1/2"]
[WhiteElo "2450"]
[BlackElo "2355"]

1.e4 c5 2.Nf3 Nc6 3.Nc3 e5 4.Bc4 Be7 5.d3 Nf6 6.Nd2 d6 7.Nf1 a6 8.a4 Bg4
9.f3 Be6 10.Ne3 Nb4 11.O-O O-O 12.Qe2 Re8 13.Bd2 Rb8 14.a5 Nc6 15.Ncd5 Nxd5
16.Nxd5 Nd4 17.Qd1 Bg5 18.c3 Bxd2 19.Qxd2 Nc6 20.b4 cxb4 21.cxb4 b5 22.Ba2 Rc8
23.Rac1 Bxd5 24.Bxd5 Nd4 25.Rxc8 Qxc8 26.f4 Re7 27.f5 Rc7 28.Qg5 Qf8 29.f6 g6
30.h4 Kh8 31.Qe3 h6 32.Kh2 Kh7 33.Rc1 Qc8 34.Rxc7  1/2-1/2

[Event "Cattolica"]
[Site "Cattolica"]
[Date "1993.??.??"]
[Round "3"]
[White "Westerinen, Heikki MJ"]
[Black "Dokhoian, Yury"]
[Result "1/2-1/2"]
[WhiteElo "2385"]
[BlackElo "2550"]

1.e4 c5 2.Nc3 Nc6 3.Nge2 d6 4.g3 g6 5.Bg2 Bg7 6.O-O Nf6 7.Nd5 O-O 8.c3 Nd7
9.d4 e6 10.Ne3 cxd4 11.cxd4 e5 12.dxe5 dxe5 13.b3 Nb6 14.Bb2 Be6 15.Nd5 f5
16.Nec3 Nd4 17.Nxb6 Qxb6 18.exf5 Bxf5 19.Nd5 Qd6 20.Rc1 Rad8 21.Bxd4 exd4
22.Nf4 Rd7 23.Nd3 Qa3 24.Nc5 Re7 25.Bxb7 Qxa2 26.Ra1 Qc2 27.Qxc2 Bxc2 28.Rxa7 Kh8
29.Ra2 Bxb3 30.Nxb3 Rxb7 31.Nc5 Re7 32.Ra6 Rc8 33.Nd3 Kg8 34.Rd6 Kf7 35.Rd1 Rc2
36.Kf1 Rb7 37.Ke1 Ke7 38.Rd5 Rd7 39.Rxd7+ Kxd7 40.Rd2 Rc3 41.Ke2  1/2-1/2

[Event "JUG-chT"]
[Site "Cetinje"]
[Date "1993.??.??"]
[Round "?"]
[White "Kupreichik, Viktor D"]
[Black "Simic, Radoslav"]
[Result "0-1"]
[WhiteElo "2535"]
[BlackElo "2470"]

1.e4 c5 2.Nf3 Nc6 3.Nc3 e5 4.Bc4 d6 5.d3 Be7 6.O-O Nf6 7.Ne2 O-O 8.Ng3 Na5
9.a4 Nxc4 10.dxc4 Ne8 11.Qe2 g6 12.Rd1 f6 13.Be3 Qc7 14.Nd2 Ng7 15.Nb1 Re8
16.Nc3 Bf8 17.Ra3 Ne6 18.Nb5 Qb8 19.Rad3 Nd4 20.Bxd4 exd4 21.c3 a6 22.Na3 dxc3
23.Rxc3 Bd7 24.b3 Bc6 25.Qd3 Qc8 26.Nc2 Qe6 27.f3 Bg7 28.Ne3 f5 29.exf5 Qe5
30.Rdc1 Qf4 31.fxg6 Rxe3 32.gxh7+ Kh8 33.Qxe3 Bd4 34.Kf2 Re8 35.Re1 Rxe3
36.Rexe3 Bxc3 37.Rxc3 Qd2+ 38.Ne2 b5 39.axb5 axb5 40.Re3 bxc4 41.bxc4 Ba4
42.g4 Bd1 43.h4 Bxe2 44.Rxe2 Qd4+ 45.Kg3 Kxh7 46.g5 Qxc4 47.Re7+ Kg6 48.f4 Kf5  0-1

[Event "JUG-chT"]
[Site "Cetinje"]
[Date "1993.??.??"]
[Round "?"]
[White "Stankovic, Marija"]
[Black "Ujhazi, Danijela"]
[Result "1-0"]
[WhiteElo "2110"]
[BlackElo "2040"]

1.e4 c5 2.Ne2 Nc6 3.Nbc3 g6 4.g3 Bg7 5.Bg2 Rb8 6.a4 a6 7.O-O b5 8.axb5 axb5
9.d3 b4 10.Nd5 e6 11.Ne3 Nge7 12.c3 O-O 13.d4 cxd4 14.cxd4 d5 15.e5 Bd7 16.f4 f5
17.exf6 Bxf6 18.Ng4 Bg7 19.Be3 Nf5 20.Bf2 Nce7 21.Nc1 Nd6 22.Re1 Nef5 23.Ne5 Bb5
24.Ncd3 Bxd3 25.Qxd3 Ra8 26.Rxa8 Qxa8 27.Nd7 Re8 28.Nc5 Kf7 29.g4 Nh6 30.Qe2 Qc6
31.Nxe6 Ne4 32.Ng5+ Nxg5 33.Bxd5+ Kf8 34.Bxc6 Nh3+ 35.Kf1 Rxe2 36.Rxe2 Nxf2
37.Kxf2 Bxd4+ 38.Kf3 Bg7 39.Bd7 Kf7 40.g5 Nf5 41.Be6+ Kf8 42.Bxf5 gxf5 43.h4 Kf7
44.h5 Bh8 45.b3 Bc3 46.Re5  1-0

[Event "JUG-chT"]
[Site "Cetinje"]
[Date "1993.??.??"]
[Round "?"]
[White "Marinkovic, Ivan"]
[Black "Kovacevic, Predrag"]
[Result "1/2-1/2"]
[WhiteElo "2455"]
[BlackElo "2405"]

1.e4 c5 2.Nc3 Nc6 3.Nge2 d6 4.d4 cxd4 5.Nxd4 Nf6 6.g3 Qb6 7.Nb3 Bg4 8.f3 Be6
9.Nd5 Bxd5 10.exd5 Nb4 11.c4 a5 12.a3 Na6 13.Nd4 g6 14.Rb1 Nd7 15.Be3 Ndc5
16.Nb5 Bg7 17.b3 O-O 18.Be2 Qd8 19.O-O Nc7 20.Nd4 Qd7 21.Bf2 e6 22.dxe6 N5xe6
23.Nxe6 fxe6 24.f4 e5 25.fxe5 Bxe5 26.Bf3 Ne6 27.Qd5 Rf7 28.Bg4 Re8 29.Bb6 h5
30.Rxf7 Qxf7 31.Rf1 Qe7 32.Bxe6+ Qxe6 33.Qxe6+ Rxe6 34.Rd1 Bb2 35.a4 d5 36.Bxa5 dxc4
37.bxc4 Ra6 38.Rd8+ Kf7 39.Bd2 Rxa4 40.Rd7+ Ke6 41.Rxb7  1/2-1/2

[Event "JUG-chT"]
[Site "Cetinje"]
[Date "1993.??.??"]
[Round "?"]
[White "Ivanisevic, Ivan"]
[Black "Knezevic, Bojan"]
[Result "1-0"]
[WhiteElo "2210"]
[BlackElo "2320"]

1.e4 c5 2.Nc3 Nc6 3.Nf3 e5 4.Bc4 d6 5.d3 Be7 6.O-O h6 7.Nd5 Nf6 8.c3 O-O
9.a3 Nxd5 10.Bxd5 Bf6 11.b4 Ne7 12.Bb3 b6 13.Re1 Bb7 14.Qe2 Rc8 15.Bb2 Ng6
16.g3 Qc7 17.h4 Kh8 18.Nh2 Qd7 19.Qh5 d5 20.Rad1 dxe4 21.dxe4 Qe7 22.Ng4 c4
23.Bc2 Bxh4 24.gxh4 Nxh4 25.Nxe5 Qxe5 26.Qxh4 Rc6 27.Re3 Rf6 28.Rg3 Rf4 29.Rg4 Rxg4+
30.Qxg4 f5 31.exf5 Re8 32.Qg6 Qe2 33.Rf1 Re5 34.Qg3 Re8 35.Qg6 Re5 36.Rd1 Rd5
37.Rc1 Rd8 38.f6  1-0

[Event "JUG-chT"]
[Site "Cetinje"]
[Date "1993.??.??"]
[Round "?"]
[White "Novoselski, Zoran"]
[Black "Ristic, Nebojsa"]
[Result "1/2-1/2"]
[WhiteElo "2370"]
[BlackElo "2395"]

1.e4 c5 2.Nc3 Nc6 3.Nf3 g6 4.Bc4 Bg7 5.O-O d6 6.d3 Nf6 7.a3 O-O 8.Ba2 Rb8
9.Bg5 b5 10.Qd2 Bg4 11.Nh4 Nd4 12.h3 Be6 13.Nd5 c4 14.Bxf6 exf6 15.c3 f5
16.cxd4 fxe4 17.Nxg6 hxg6 18.dxc4 bxc4 19.Bxc4 Bxd5 20.Bxd5 Qb6 21.b4 Qxd4
22.Qxd4 Bxd4 23.Rae1 Rfe8 24.Re2 Kg7 25.Rd1 Be5 26.Rxe4 Bb2 27.Rxe8 Rxe8
28.a4 Ba3 29.Rb1 Re2 30.Rb3 Bb2 31.Rd3 Re1+ 32.Kh2 Ra1 33.Bc6 Be5+ 34.g3 Ra2
35.Kg1 g5 36.a5 f5 37.Bd5 Rb2 38.Bb3 f4 39.gxf4 Bxf4 40.b5 Rb1+ 41.Kg2 Ra1
42.a6 Be5 43.Kf3 Ra5 44.Bc4 Ra4 45.Bd5 Rb4 46.Bc6 Kf6 47.Rd2 Ke7 48.Re2 Kf6
49.Kg2 Rb3 50.Re4 d5 51.Rg4 d4 52.h4 gxh4 53.Rxh4 d3 54.Rh7 Bd4 55.Rd7 Bb6
56.Kf3 Rb2 57.Rxd3 Rxf2+ 58.Ke4 Ke6 59.Bd7+ Ke7 60.Bf5 Rb2 61.Rd7+ Kf8 62.Rd5  1/2-1/2

[Event "JUG-chT"]
[Site "Cetinje"]
[Date "1993.??.??"]
[Round "?"]
[White "Kupreichik, Viktor D"]
[Black "Tseshkovsky, Vitaly"]
[Result "1-0"]
[WhiteElo "2535"]
[BlackElo "2495"]

1.e4 c5 2.Nf3 Nc6 3.Nc3 d6 4.d4 cxd4 5.Nxd4 Nf6 6.f4 e6 7.Be3 e5 8.Nf3 exf4
9.Bxf4 Be7 10.Bc4 O-O 11.Qe2 Nh5 12.Bd2 Bg4 13.O-O-O Rc8 14.Rhg1 Bf6 15.Bd5 Bd4
16.Rgf1 Be5 17.Qf2 Bxf3 18.gxf3 Nf4 19.Kb1 Qf6 20.Bxf4 Bxf4 21.Ne2 Rc7 22.c3 Rd8
23.Rg1 Kh8 24.Nxf4 Qxf4 25.Rg4 Qf6 26.Qe3 Ne5 27.Rg3 b6 28.Bb3 h6 29.Rdg1 Nc4
30.Qe2 b5 31.Rxg7 Qxg7 32.Rxg7 Kxg7 33.Qf2 Rc5 34.Qd2 f6 35.f4 Rc7 36.Bxc4 bxc4
37.e5 fxe5 38.fxe5 d5 39.e6 Kg8 40.a4 Re7 41.Qxh6 Rde8 42.Qg6+  1-0

[Event "JUG-chT"]
[Site "Cetinje"]
[Date "1993.??.??"]
[Round "?"]
[White "Novoselski, Zoran"]
[Black "Pikula, Dejan"]
[Result "1/2-1/2"]
[WhiteElo "2370"]
[BlackElo "2335"]

1.e4 c5 2.Nc3 Nc6 3.Nf3 e6 4.Bb5 Nge7 5.O-O a6 6.Bxc6 Nxc6 7.d4 cxd4 8.Nxd4 Qc7
9.Re1 d6 10.Nxc6 bxc6 11.Qg4 h5 12.Qg5 e5 13.b3 h4 14.Na4 Rb8 15.c4 f6 16.Qd2 g5
17.Ba3 Be6 18.Re3 Kf7 19.Rd3 c5 20.Nc3 Qa5 21.Bb2 Qb4 22.Rb1 Be7 23.Qc2 Qb7
24.Nd5 Bxd5 25.Rxd5 a5 26.Bc3 a4 27.b4 cxb4 28.Rxb4 Qc6 29.Rxa4 g4 30.h3 gxh3
31.gxh3 Rhg8+ 32.Kf1 Ra8 33.Rb4 Ra3 34.Qd3 Rxa2 35.Bb2 Ra4 36.Rdb5 Rxb4 37.Rxb4 f5
38.exf5 Qg2+ 39.Ke1 Qh1+ 40.Ke2 Rg1 41.Qd5+ Qxd5 42.cxd5 Rh1 43.Rb7 Kf6 44.f4 Rxh3
45.fxe5+ dxe5 46.Bxe5+ Kxe5 47.Rxe7+ Kxf5 48.d6 Rh2+  1/2-1/2

[Event "Ceuta"]
[Site "Ceuta"]
[Date "1993.??.??"]
[Round "1"]
[White "Westerinen, Heikki MJ"]
[Black "Gomez Esteban, Juan Mario"]
[Result "0-1"]
[WhiteElo "2385"]
[BlackElo "2450"]

1.e4 c5 2.Nc3 Nc6 3.Nge2 d6 4.g3 g6 5.Bg2 Bg7 6.O-O e6 7.d3 Nge7 8.Bg5 h6
9.Be3 Nd4 10.Qd2 Rb8 11.Rab1 b6 12.b4 Bb7 13.bxc5 dxc5 14.g4 Qd7 15.h3 f5
16.gxf5 gxf5 17.Nf4 Rg8 18.Kh1 e5 19.Nfd5 f4 20.Bxf4 exf4 21.Qxf4 Rc8 22.Qh4 Rc6
23.Qh5+ Kd8 24.Nxe7 Kxe7 25.Nd5+ Kf8 26.c3 Ne6 27.f4 Nc7 28.Ne3 Bxc3 29.f5 Qf7
30.Qh4 Qf6 31.Qh5 Bd4 32.Ng4 Qg5 33.Qxg5 Rxg5 34.e5 h5 35.Nf2 Rxg2 36.Kxg2 Rg6+  0-1

[Event "Ceuta"]
[Site "Ceuta"]
[Date "1993.??.??"]
[Round "3"]
[White "Westerinen, Heikki MJ"]
[Black "Cramling, Pia"]
[Result "0-1"]
[WhiteElo "2385"]
[BlackElo "2525"]

1.e4 c5 2.Nc3 Nc6 3.Nge2 d6 4.d4 cxd4 5.Nxd4 e6 6.Be3 Nf6 7.f4 Be7 8.Qf3 e5
9.Nf5 Bxf5 10.exf5 Qa5 11.fxe5 dxe5 12.Bb5 O-O 13.Bxc6 bxc6 14.O-O Rab8 15.Rab1 Nd5
16.Bd2 Bb4 17.Nxd5 cxd5 18.c3 Be7 19.a3 Rb3 20.Kh1 f6 21.Rfd1 Rd8 22.Be3 a6
23.h3 Qb5 24.a4 Qb7 25.Qe2 Rc8 26.Bg1 Bc5 27.Bxc5 Rxc5 28.Kh2 h6 29.Qh5 Qd7
30.Rd3 e4 31.Rg3 Rc7 32.Rf1 Rxb2 33.Rf4 Kf8 34.Rfg4 Qf7 35.Qh4 Qe8 36.Rg6 Qe5
37.Qg4 Rxc3 38.Rxg7 Qxg3+ 39.Qxg3 Rxg3 40.Rxg3 Ra2 41.Rg6 Kf7 42.Rxh6 Rxa4
43.Rh7+ Kf8 44.Rd7 e3  0-1

[Event "Cherepovets"]
[Site "Cherepovets"]
[Date "1993.??.??"]
[Round "?"]
[White "Zhelnin, Vladimir V"]
[Black "Cherniaev, Alexander"]
[Result "1/2-1/2"]
[WhiteElo "2430"]
[BlackElo "2435"]

1.e4 c5 2.Nc3 Nc6 3.Nge2 Nf6 4.g3 d5 5.exd5 Nxd5 6.Bg2 Nxc3 7.Nxc3 Nd4 8.O-O e6
9.d3 Be7 10.Ne4 O-O 11.Be3 f5 12.Nd2 e5 13.Nc4 f4 14.Bxd4 exd4 15.Re1 Rb8
16.Qh5 Rf5 17.Qe2 Bf8 18.Qe8 Qc7 19.Ne5 g6 20.c3 dxc3 21.bxc3 Rf6 22.Bd5+ Kg7
23.Rab1 b6 24.Qa4 Bd6 25.d4 Bf5 26.Rb2 fxg3 27.hxg3 Rbf8 28.Rbe2 Kh8 29.Qd1 cxd4
30.cxd4 Bb4 31.Rf1 Bh3 32.Bg2 Bxg2 33.Kxg2 Qd6 34.Qd3 Qd5+ 35.Qe4 Rd6 36.Qxd5 Rxd5
37.Nc6 Bd6  1/2-1/2

[Event "Copenhagen op2"]
[Site "Copenhagen"]
[Date "1993.??.??"]
[Round "4"]
[White "Nilsson, Nils Specht"]
[Black "Olesen, Martin"]
[Result "1/2-1/2"]
[WhiteElo "2235"]
[BlackElo "2355"]

1.e4 c5 2.Nc3 Nc6 3.Nge2 g6 4.g3 Bg7 5.Bg2 d6 6.O-O Nf6 7.Nd5 O-O 8.Nxf6+ Bxf6
9.c3 Bd7 10.f4 Rb8 11.Kh1 Bg7 12.d3 b5 13.Be3 b4 14.Qd2 bxc3 15.bxc3 Qa5
16.f5 Qa3 17.Rab1 Rxb1 18.Rxb1 Rb8 19.Rxb8+ Nxb8 20.d4 cxd4 21.Bxd4 Nc6 22.Bxg7 Kxg7
23.Nf4 Qc5  1/2-1/2

[Event "Copenhagen op15"]
[Site "Copenhagen"]
[Date "1993.??.??"]
[Round "4"]
[White "Fuglsang, Flemming"]
[Black "Schandorff, Lars"]
[Result "1-0"]
[WhiteElo "2275"]
[BlackElo "2420"]

1.e4 c5 2.Nf3 Nc6 3.Nc3 e5 4.Bc4 Be7 5.O-O d6 6.Nd5 Nf6 7.d3 O-O 8.c3 Nxd5
9.Bxd5 Bg4 10.h3 Bh5 11.Kh2 Bxf3 12.Qxf3 Bg5 13.Bxg5 Qxg5 14.Qg3 Qxg3+ 15.fxg3 Rad8
16.Rf2 Rd7 17.Raf1 Nd8 18.g4 Re8 19.h4 Ne6 20.g3 Kf8 21.g5 Ree7 22.Kh3 b6
23.Kg4 Nc7 24.Bc6 Rd8 25.h5 g6 26.Rh1 Kg7 27.Rfh2 Rg8 28.h6+ Kh8 29.Rf1 Rd8
30.Rf6 Kg8 31.a3 d5 32.b4 dxe4 33.dxe4 c4 34.Rhf2 Kf8 35.a4 Rd3 36.R6f3 Rd6
37.b5 Rd1 38.Ra2 Re6 39.a5 Rd8 40.axb6 axb6 41.Ra7 Re7 42.Rb7 Ne8 43.Rxb6 Nd6
44.Rf6 Rc7 45.Rxd6  1-0

[Event "Copenhagen op15"]
[Site "Copenhagen"]
[Date "1993.??.??"]
[Round "8"]
[White "Emms, John M"]
[Black "Yakovich, Yuri"]
[Result "1/2-1/2"]
[WhiteElo "2450"]
[BlackElo "2510"]

1.e4 c5 2.Nf3 Nc6 3.Nc3 g6 4.d4 cxd4 5.Nxd4 Bg7 6.Be3 Nf6 7.Bc4 O-O 8.Bb3 a5
9.a4 Ng4 10.Qxg4 Nxd4 11.Qh4 Nxb3 12.cxb3 Ra6 13.O-O Re6 14.Rfe1 b6 15.Bh6 Bb7
16.Rad1 Bxh6 17.Qxh6 Qc7 18.Re3 f6 19.Nd5 Bxd5 20.exd5 Rxe3 21.Qxe3 Qc5 22.Rc1 Qxd5
23.Qxe7 Qxb3 24.Qxd7 Qxb2 25.Rd1 Rf7 26.Qd8+ Kg7 27.g3 Qc2 28.Rd4 Qc7 29.Qd5 Qc5
30.h4 Qxd5 31.Rxd5 Rc7 32.Rd6 Rc1+ 33.Kg2 Rb1 34.Rd7+ Kh6 35.Rf7 f5 36.Rb7 Rb4
37.Kh3 g5 38.hxg5+ Kxg5 39.f4+ Kg6 40.Kh4 Rb1 41.Kh3 Kf6 42.Kg2 h5 43.Rc7 Rb4
44.Rc6+ Ke7 45.Kh3 b5  1/2-1/2

[Event "Copenhagen op15"]
[Site "Copenhagen"]
[Date "1993.??.??"]
[Round "10"]
[White "Kupreichik, Viktor D"]
[Black "Yakovich, Yuri"]
[Result "1-0"]
[WhiteElo "2560"]
[BlackElo "2510"]

1.e4 c5 2.Nf3 Nc6 3.Nc3 e5 4.Bc4 Be7 5.d3 d6 6.O-O Nf6 7.Ne2 O-O 8.Ng3 Na5
9.c3 Nxc4 10.dxc4 Be6 11.Qe2 Nd7 12.b3 Re8 13.Rd1 g6 14.Bh6 Kh8 15.Rd3 a6
16.Rad1 b5 17.cxb5 axb5 18.R3d2 c4 19.b4 Ra3 20.Rc2 Qc7 21.Ng5 Bf8 22.Nxe6 fxe6
23.Bg5 Bg7 24.h4 h6 25.Bc1 Ra6 26.Qf3 Nb6 27.Nf1 Kh7 28.Ne3 Qe7 29.Ng4 Nd7
30.g3 Qf8 31.Qe2 Nf6 32.Nxf6+ Qxf6 33.a4 Rxa4 34.Rxd6 Rd8 35.Rb6 Rd3 36.Rxb5 Qd8
37.Kg2 Ra1 38.Bd2 Qa8 39.Rc5 Qa4 40.Bxh6 Kxh6 41.Ra5  1-0

[Event "Cuxhaven op"]
[Site "Cuxhaven"]
[Date "1993.??.??"]
[Round "4"]
[White "Kupreichik, Viktor D"]
[Black "Krug, Norbert"]
[Result "1-0"]
[WhiteElo "2535"]
[BlackElo "2275"]

1.e4 c5 2.Nf3 Nc6 3.Nc3 Nf6 4.Bb5 Qc7 5.O-O a6 6.Bxc6 dxc6 7.e5 Nd5 8.Ne4 Bf5
9.Nxc5 e6 10.Nb3 Be7 11.d4 Rd8 12.Bd2 h6 13.Rc1 Qb8 14.c4 Nc7 15.Na5 Be4
16.Bc3 b6 17.Nd2 Bxg2 18.Kxg2 bxa5 19.Qa4 Qb7 20.Nb3 Bb4 21.Bxb4 axb4 22.Na5 Qc8
23.Qxc6+ Kf8 24.Qc5+ Kg8 25.Nc6 Qb7 26.d5 Kh7 27.Nxd8 Rxd8 28.Qe7  1-0

[Event "Cuxhaven op"]
[Site "Cuxhaven"]
[Date "1993.??.??"]
[Round "5"]
[White "Kovalev, Andrei"]
[Black "Darnstaedt, Frank"]
[Result "1-0"]
[WhiteElo "2545"]
[BlackElo "2360"]

1.e4 c5 2.Nf3 Nc6 3.Nc3 d6 4.d4 cxd4 5.Nxd4 e5 6.Nf5 Nf6 7.Bg5 Bxf5 8.Bxf6 Qxf6
9.Nd5 Qd8 10.exf5 Be7 11.c3 O-O 12.Bd3 Bg5 13.h4 Bh6 14.f6 Qd7 15.Be4 g6
16.h5 Bf4 17.Qd3 Qg4 18.Kf1 Rab8 19.g3 Bg5 20.Kg2 Qe6 21.hxg6 fxg6 22.Bxg6 h6
23.Bf5 Qf7 24.Be6  1-0

[Event "CZE Tschechien-ch"]
[Site "?"]
[Date "1993.??.??"]
[Round "3"]
[White "Krupkova, Petra"]
[Black "Jacek, M."]
[Result "1/2-1/2"]
[WhiteElo "2200"]
[BlackElo "1985"]

1.e4 c5 2.Nf3 Nc6 3.Nc3 g6 4.Bb5 Bg7 5.Bxc6 bxc6 6.d3 d6 7.h3 Nf6 8.O-O O-O
9.Be3 Rb8 10.Rb1 Qa5 11.Qd2 Be6 12.a4 Nd7 13.Bh6 Bxc3 14.Qxc3 Qxc3 15.bxc3 Rfc8
16.c4 f6 17.Bd2 d5 18.cxd5 cxd5 19.exd5 Bxd5 20.Bc3 Bxf3 21.gxf3 Nb6 22.a5 Nd5
23.Bd2 Kf7 24.c4 Nc7 25.Be3 Ne6 26.Rb5 a6 27.Rb6 Rxb6 28.axb6 Rb8 29.Rb1 Rb7
30.Bd2 Ke8 31.Kg2 Kd7 32.Kg3 Kc6 33.Ba5 Nd4 34.Rb2 Nf5+ 35.Kf4 e5+ 36.Ke4 Nd6+
37.Ke3 Nc8 38.f4 Nxb6 39.Ra2 exf4+ 40.Kxf4 Rd7 41.Re2 Rd4+ 42.Ke3 Nd7 43.f4 g5
44.fxg5 fxg5 45.Kd2 Kd6 46.Re8 Rh4 47.Ra8 Rxh3 48.Rxa6+ Ke7 49.Bc7 g4 50.Ke2 g3
51.Kf3 g2+  1/2-1/2

[Event "CZE Tschechien-ch"]
[Site "?"]
[Date "1993.??.??"]
[Round "3"]
[White "Pribyl, Josef"]
[Black "Stodola, Jaroslav"]
[Result "1-0"]
[WhiteElo "2470"]
[BlackElo "2230"]

1.e4 c5 2.Nc3 Nc6 3.Nf3 g6 4.Bb5 Bg7 5.O-O e6 6.Bxc6 bxc6 7.Qe2 e5 8.d3 Ne7
9.Nd2 O-O 10.Nc4 f6 11.Nd6 Qc7 12.Nxc8 Raxc8 13.Na4 d6 14.b3 f5 15.Bg5 Rf7
16.Nb2 Rcf8 17.Nc4 Nc8 18.Rad1 f4 19.f3 Qd7 20.c3 h6 21.Bh4 Qe6 22.Bf2 g5
23.Na5 Ne7 24.d4 exd4 25.cxd4 Nd5 26.Qc4 g4 27.exd5 cxd5 28.Qd3 g3 29.hxg3 fxg3
30.Bxg3 Bxd4+ 31.Bf2 Be5 32.Qxd5 Qf6 33.Nc4 Bf4 34.Nxd6 Kg7 35.Qxf7+ Rxf7
36.Ne8+  1-0

[Event "CZE-ch"]
[Site "?"]
[Date "1993.??.??"]
[Round "4"]
[White "Rasik, Vitezslav"]
[Black "Zpevak, Pavel"]
[Result "1-0"]
[WhiteElo "2415"]
[BlackElo "2330"]

1.e4 c5 2.Nc3 Nc6 3.Bb5 g6 4.Bxc6 dxc6 5.d3 Bg7 6.Be3 b6 7.Qd2 e5 8.Nge2 Be6
9.O-O-O Nf6 10.f3 Qc7 11.Rhf1 O-O-O 12.f4 Ng4 13.f5 gxf5 14.exf5 Bd5 15.h3 Nxe3
16.Qxe3 h5 17.g4 f6 18.Nxd5 cxd5 19.Qf3 hxg4 20.hxg4 c4 21.Kb1 Kb8 22.Nc3 cxd3
23.Qxd3 d4 24.Ne4 Rh4 25.g5 Qc6 26.Rde1 fxg5 27.Nxg5 Re8 28.a3 Bf6 29.Ne4 Reh8
30.Rg1 Be7 31.Rg6 Qd5 32.f6 Bf8 33.Rg5 Rh3 34.Rg3 Rh1 35.Rgg1 R1h3 36.Qe2 Re3
37.Qg4 Rxe1+ 38.Rxe1 Qb5 39.Qg3 Qa5 40.Ng5 d3 41.cxd3 Bd6 42.Nf7 Rh3 43.Qg8+  1-0

[Event "CZE-ch"]
[Site "?"]
[Date "1993.??.??"]
[Round "8"]
[White "Langner, Ladislav"]
[Black "Jirovsky, Milos"]
[Result "1/2-1/2"]
[WhiteElo "2345"]
[BlackElo "2420"]

1.e4 c5 2.Nc3 Nc6 3.Bb5 d6 4.d4 cxd4 5.Qxd4 Bd7 6.Bxc6 Bxc6 7.Nf3 Nf6 8.Bg5 e6
9.O-O-O Be7 10.Rhe1 O-O 11.e5 dxe5 12.Qh4 Qc7 13.Nxe5 Rfd8 14.Rxd8+ Rxd8
15.Qc4 Nd5 16.Bd2 Bf6 17.Nxc6 Nxc3  1/2-1/2

[Event "CZE-ch"]
[Site "?"]
[Date "1993.??.??"]
[Round "10"]
[White "Pribyl, Josef"]
[Black "Dobrovolsky, Ladislav"]
[Result "1/2-1/2"]
[WhiteElo "2470"]
[BlackElo "2390"]

1.e4 c5 2.Nf3 Nc6 3.Nc3 g6 4.Bb5 Bg7 5.O-O Nf6 6.d3 O-O 7.Re1 Nd4 8.Bc4 d6
9.h3 e5 10.Nxd4 cxd4 11.Nd5 Nxd5 12.Bxd5  1/2-1/2

[Event "CZE-chT"]
[Site "?"]
[Date "1993.??.??"]
[Round "?"]
[White "Berzinsh, Roland"]
[Black "Sobek, Jaroslav"]
[Result "0-1"]
[WhiteElo "2370"]
[BlackElo "2280"]

1.e4 c5 2.Nc3 Nc6 3.Nge2 Nd4 4.Nd5 e6 5.Ne3 Ne7 6.Ng3 d5 7.d3 g6 8.Ng4 Bg7
9.Bg5 f5 10.Ne3 h6 11.Bxe7 Qxe7 12.f4 Qh4 13.Qd2 Qxf4 14.O-O-O Qd6 15.exf5 exf5
16.c3 Ne6 17.Nc2 Bd7 18.Ne2 h5 19.Kb1 O-O-O 20.d4 c4 21.h4 Bh6 22.Qe1 f4
23.Ng1 Ng7 24.Nf3 Bf5 25.Ne5 Qf6 26.Qf2 Be4 27.Ka1 Nf5 28.Re1 Ng3 29.Rh3 Qf5
30.Na3 Bg7 31.Nf7 Qxf7 32.Rxg3 Rhe8 33.Rge3 Qf5 34.R3e2 Kd7 35.Rd2 Bh6 36.Rdd1 f3
37.g3 Bd3 38.Bxd3 cxd3 39.Rf1 Re3 40.Nb1 Rf8 41.Qd2 f2 42.c4 Re1 43.Qb4 Rxd1
44.Qa4+ Kc8 45.Qxd1 dxc4 46.Qa4 Kb8 47.Qxc4 Rc8 48.Qb4 Rc1  0-1

[Event "CZE-chT"]
[Site "?"]
[Date "1993.??.??"]
[Round "?"]
[White "Hausner, Ivan"]
[Black "Nemec, Pavel"]
[Result "1-0"]
[WhiteElo "2465"]
[BlackElo "2245"]

1.e4 c5 2.Nc3 Nc6 3.Nge2 e5 4.Nd5 Nf6 5.Nec3 d6 6.Bc4 Be7 7.d3 Nxd5 8.Nxd5 O-O
9.O-O Bg5 10.c3 Kh8 11.a3 f5 12.Bxg5 Qxg5 13.f4 exf4 14.Rxf4 Be6 15.Qf1 Ne5
16.Nc7 Bxc4 17.dxc4 Ng6 18.Rf2 fxe4 19.Nxa8 Rxa8 20.Re1 e3 21.Rf5 Qh6 22.Rf3 Re8
23.Rexe3 Qxe3+ 24.Rxe3 Rxe3 25.Qf5 Re1+ 26.Kf2 Re8 27.Qd7 Rf8+ 28.Kg1 Rf6
29.Qxb7 h5 30.Qxa7 Kh7 31.Qb7  1-0

[Event "Dortmund op-A"]
[Site "Dortmund"]
[Date "1993.??.??"]
[Round "8"]
[White "Tomic, Dragoslav"]
[Black "Schebler, Gerhard"]
[Result "1-0"]
[WhiteElo "2205"]
[BlackElo "2365"]

1.e4 c5 2.Nf3 Nc6 3.Nc3 g6 4.d4 cxd4 5.Nxd4 Bg7 6.Be3 d6 7.Qd2 Nf6 8.f3 O-O
9.g4 Nxd4 10.Bxd4 Be6 11.h4 Qa5 12.a3 Rfc8 13.h5 b5 14.hxg6 fxg6 15.g5 Nh5
16.Bxg7 Kxg7 17.Nxb5 Qxd2+ 18.Kxd2 Ng3 19.Bh3 Nxh1 20.Bxe6 Rc5 21.Nd4 Ng3
22.Bd5 Rb8 23.Ne6+ Kh8 24.Nxc5 dxc5 25.b4 Rd8 26.Ke3 Nf5+ 27.Kf4 Nd4 28.bxc5 Rc8
29.Rb1 e6 30.Ke5 Nxf3+ 31.Kxe6 Rxc5 32.Rb8+ Kg7 33.Kd6  1-0

[Event "Eger op"]
[Site "Eger"]
[Date "1993.??.??"]
[Round "9"]
[White "Eismont, Oleg"]
[Black "Seres, Lajos"]
[Result "1/2-1/2"]
[WhiteElo "2440"]
[BlackElo "2340"]

1.e4 c5 2.Nc3 Nc6 3.Nf3 g6 4.d4 cxd4 5.Nxd4 Bg7 6.Be3 Nf6 7.Bc4 O-O 8.O-O d6
9.h3 Nxe4 10.Nxe4 d5 11.Nxc6 bxc6 12.Bd3 dxe4 13.Bxe4 Qc7 14.c3 Rb8 15.Qe2 Be6
16.Rfd1 Rb5 17.Rd2 Rfb8 18.Bd3 Rd5 19.Rad1 Rbd8 20.a3 h5 21.Be4 Rxd2 22.Rxd2 Rxd2
23.Bxd2 Bd5 24.Bd3 e5 25.c4 Be6 26.b4 f5 27.f3 Bf6 28.Be3 Bh4 29.a4 Be7 30.Qd2 Kf7
31.Bf1 f4 32.Bf2 Bf5 33.b5 cxb5 34.axb5 Be6 35.Qa2 Bc5 36.Bxc5 Qxc5+ 37.Qf2 Qxf2+
38.Kxf2 g5 39.c5 Ke7 40.Bd3 Bd5  1/2-1/2

[Event "Eger"]
[Site "Eger"]
[Date "1993.??.??"]
[Round "10"]
[White "Feher, Gyula"]
[Black "Kiss, Pal"]
[Result "1/2-1/2"]
[WhiteElo "2380"]
[BlackElo "2420"]

1.e4 c5 2.Nf3 Nc6 3.Nc3 g6 4.d4 cxd4 5.Nxd4 Bg7 6.Be3 Nf6 7.Nxc6 bxc6 8.e5 Nd5
9.Nxd5 cxd5 10.Qxd5 Rb8 11.Bxa7 Rxb2 12.Bd4 Rxc2 13.Bd3  1/2-1/2

[Event "Espoo op"]
[Site "Espoo"]
[Date "1993.??.??"]
[Round "3"]
[White "Rytshagov, Mikhail"]
[Black "Zapolskis, Antanas"]
[Result "0-1"]
[WhiteElo "2435"]
[BlackElo "2335"]

1.e4 c5 2.Nc3 Nc6 3.Nf3 e5 4.Bc4 Be7 5.d3 Nf6 6.Ng5 O-O 7.f4 h6 8.Nf3 exf4
9.Bxf4 d6 10.Qd2 Be6 11.O-O d5 12.exd5 Nxd5 13.Nxd5 Bxd5 14.Bxd5 Qxd5 15.b3 Bf6
16.Rae1 Rfe8 17.Re2 Qd7 18.Rfe1 Rxe2 19.Rxe2 Re8 20.Rxe8+ Qxe8 21.Kf1 Nb4
22.c4 Qd7 23.Be3 Qf5 24.Ke2 Nc6 25.h3 b6 26.a3 Be7 27.Bf2 Qf6 28.Qc1 Na5
29.Nd2 Qe6+ 30.Kf1 Bg5 31.Qc2 Bxd2 32.Qxd2 Nxb3 33.Qe3 Qf5 34.Qe8+ Kh7 35.Ke2 Nc1+
36.Kd2  0-1

[Event "Eupen op"]
[Site "Eupen"]
[Date "1993.??.??"]
[Round "5"]
[White "Boehmer, Christian"]
[Black "Vanderwaeren, Serge"]
[Result "0-1"]
[WhiteElo "2145"]
[BlackElo "2300"]

1.e4 c5 2.Nf3 Nc6 3.Nc3 e6 4.Be2 a6 5.O-O Nge7 6.d4 cxd4 7.Nxd4 Nxd4 8.Qxd4 Nc6
9.Qe3 Bd6 10.f4 Bc7 11.Qg3 O-O 12.b3 b5 13.Bb2 f6 14.Rad1 Bb6+ 15.Kh1 Ra7
16.Rd2 Qe8 17.Rfd1 Qg6 18.Qf3 Rc7 19.a4 b4 20.Na2 Rf7 21.Bc4 f5 22.Bd3 fxe4
23.Bxe4 Qh6 24.Rf1 d5 25.Bd3 Rf8 26.Nc1 Rcf7 27.Ne2 Bc7 28.f5 Qxd2 29.Bc1 Nd4
30.Qh3 Qxe2 31.Bxe2 Nxe2 32.Qe3 Nxc1 33.Qxc1 Rxf5 34.Rxf5 Rxf5 35.g3 d4 36.Kg2 e5  0-1

[Event "Farum op"]
[Site "Farum"]
[Date "1993.??.??"]
[Round "4"]
[White "Hector, Jonny"]
[Black "Larsen, Steen Skovlund"]
[Result "0-1"]
[WhiteElo "2500"]
[BlackElo "2280"]

1.e4 c5 2.Nf3 Nc6 3.Nc3 d6 4.d4 cxd4 5.Nxd4 Nf6 6.f4 e5 7.Nf3 Be7 8.Bc4 O-O
9.f5 a6 10.a3 Qa5 11.Bd2 Qc5 12.Ba2 Nd4 13.b4 Qc6 14.Bd5 Qc7 15.g4 Nb5 16.Nxb5 axb5
17.Bb3 Nxe4 18.O-O Bd7 19.Be3 d5 20.Qxd5 Bc6 21.Qxe5 Bd6 22.Qd4 Bxh2+ 23.Kh1 Ng3+
24.Kxh2 Nxf1+ 25.Kg2 Qg3+ 26.Kxf1 Qxf3+  0-1

[Event "FIN-chT"]
[Site "FIN"]
[Date "1993.??.??"]
[Round "?"]
[White "Raaste, Eero J"]
[Black "Binham, Timothy F"]
[Result "1/2-1/2"]
[WhiteElo "2345"]
[BlackElo "2330"]

1.e4 c5 2.Nc3 Nc6 3.Nge2 g6 4.d4 cxd4 5.Nxd4 Bg7 6.Be3 Nf6 7.Bc4 O-O 8.Bb3 a5
9.f3 d5 10.exd5 Nb4 11.Nde2 a4 12.Nxa4 Nfxd5 13.Bd4 Bxd4 14.Qxd4 Bf5 15.Qd2 Bxc2
16.Bxd5 Rxa4 17.Nc3 Ra5 18.Be4 Bxe4 19.fxe4 Qb6 20.Rd1 e6 21.a3 Nc6 22.Qf2 Qa6
23.Qe2 Qb6 24.Qf2 Qa6  1/2-1/2

[Event "FIN-chT"]
[Site "FIN"]
[Date "1993.??.??"]
[Round "?"]
[White "Pirttimaki, Timo"]
[Black "Nokso Koivisto, Antti"]
[Result "1/2-1/2"]
[WhiteElo "2295"]
[BlackElo "2265"]

1.e4 c5 2.Nc3 Nc6 3.Nge2 e5 4.g3 d6 5.Bg2 g6 6.O-O Bg7 7.Nd5 Nge7 8.Nec3 O-O
9.d3 h6 10.Be3 f5 11.Rb1 Rb8 12.a3 Be6 13.Qd2 Kh7 14.b4 b6 15.f4 Rc8 16.bxc5 dxc5
17.Kh1 Qd7 18.Rbe1 fxe4 19.dxe4 exf4 20.gxf4 Rcd8 21.Qf2 Nd4 22.Nxe7 Qxe7
23.Nd5 Qd7 24.c4 Qa4 25.Qa2 Qc2 26.Rf2 Qxa2 27.Rxa2 Rf7 28.a4 Nb3 29.Bf1 Bd4
30.Bxd4 Nxd4 31.a5 b5 32.Rf2 bxc4 33.Bxc4 Rdf8 34.Rc1 Nc6 35.Ba2 Ne5 36.Rd2 Nd7
37.Nf6+ Nxf6 38.Bxe6 Re7 39.Bd5 Nxe4 40.Bxe4 Rxe4 41.Rd7+ Kg8 42.Rxc5 Rexf4
43.Rcc7 Rf1+ 44.Kg2 R8f2+ 45.Kg3 Rf3+ 46.Kg2 R1f2+ 47.Kg1 Rf1+  1/2-1/2